TV Show Locations: 10 to 1 Quiz Stats

Quiz Updated Aug 7, 2015

Challenge
Share
Tweet
Embed
Score 0/55 Timer 10:00
4 Plays Today
% Correct
Kwik-E-Mart
86.5%
Duff Brewery
86%
Krusty Burger
84.8%
Bikini Bottom
83.5%
Central Perk
82.9%
Krusty Krab
82.7%
Nuclear Power Plant
81%
Barney’s Bowlarama
78.3%
Chum Bucket
76.3%
Winterfell
72.8%
Dunder Mifflin
69.9%
Mussel Beach
69.3%
New Kelp City
68.9%
Drunken Clam
67.8%
Dragonstone
66.7%
Old Valyria
65.9%
King's Landing
64.6%
Tentacle Acres
64.6%
Meereen
63.7%
Qarth
63.4%
Mrs. Puff's Boating School
63.3%
Braavos
62.5%
Rock Bottom
60.5%
Vale
59.7%
Robot Hell
59.6%
Pawtucket Brewery
59.2%
The Wall
58.6%
Schrute Farms
58.1%
% Correct
Evergreen Terrace
57.6%
New New York
56.5%
The Frying Dutchman
55.7%
Barbra Streisand’s Mountain Condo
55.3%
Los Pollos Hermanos
54%
Allesandro’s
50.7%
Goldman’s Pharmacy
49.9%
Omicron Persei 8
49.6%
Happy-Go-Lucky Toy Factory
49.3%
Madison Cube Garden
47.2%
Spooner Street
46.7%
The Android’s Dungeon
45.3%
Hells Pass Hospital
45.3%
Head Museum
44.8%
Imaginationland
43.5%
Tom's Rhinoplasty
43.1%
City Wok
42.9%
Meriwether County Correctional Facility
41.1%
Woodbury
37.4%
Terminus
36.1%
Moondance Diner
32.5%
Wormulon
32.4%
The Murderhorn
32.1%
Panucci’s Pizza
31.3%
Stark's Pond
29.1%
Javu
22.1%
Planet Hype
21.3%

You're not logged in!

Compare scores with friends on all Sporcle quizzes.
Join for Free
OR
Log In

You Might Also Like...

Show Comments

Extras

Top Quizzes Today


Score Distribution

Your Account Isn't Verified!

In order to create a playlist on Sporcle, you need to verify the email address you used during registration. Go to your Sporcle Settings to finish the process.

Report this User

Report this user for behavior that violates our Community Guidelines.

Details: